000 00451nam a2200157Ia 4500
008 100122s9999 xx 000 0 und d
082 _b66984
_a824
100 _aघारे दीपक
245 _aसंसारवेध ******
250 _a1
260 _bनवचैतन्य प्रकाशन
_c2005
300 _a207
630 _aसंसारवेध ******
730 _aसंसारवेध ******
942 _cBOOK
999 _c439330
_d439327